000 00586nac a22002051ca4500
001 a987679186
008 170707s2014 gw |||| 000u eng d
041 _aeng
100 1 _aMijnssen, Ivo
245 0 4 _aThe quest for an ideal youth in Putin's Russia /
_cMijnssen, Ivo/Perovic, Jeronim
264 _aStuttgart :
_bIbidem-Verl.,
_c2014
300 _a2 Bände
651 0 _aRussische Föderation
700 1 _aPerovic, Jeronim
_eVerfasserIn
942 _cMG
040 _cRU-10907106
003 RU-10907106
999 _c46380
_d46380
490 0 _aSoviet and post-Soviet politics and society